000 00476nam a2200193Ia 4500
003 OSt
005 20250918114222.0
008 250729s2005 xx 000 0 und d
020 _a9788188836079
040 _cAL
041 _aeng
082 _a371.2 MACS
100 _aMacnee E A
_9222678
245 _aSchool management and methods of teaching
260 _aNew Delhi
_bSonali Publication
_c2005
300 _a292p
650 _aEducation
_9222679
942 _2ddc
_cBED
999 _c235565
_d235565